000 01008nas a2200289 4500
001 BR8200400
003 BR-BrBNA
005 20231205084958.0
007 ta
008 230509b bl.|||p| |||| 00| 00por d
040 _aBR-BrBNA
_bpor
_cBiblioteca Nacional de Agricultura
041 _a(Pt)
072 _aH20
100 1 _aCampelo, A.M.F.L.
100 1 _aLuz, E.D.M.N.
245 1 _aEtiologia da podridao parda do cacaueiro nos estados da Bahia e Espirito Santo, Brasil [Theobroma cacao; Phytophthora palmivora]
246 1 _aAetiology of black rot disease of cacao in the states of Bahia and Espirito Santo, Brazil [Theobroma cacao; Phytophthora palmivora]
650 _aDoenca de planta
650 _aCacau
650 _aPodridao parda
650 _aEtiologia
650 _aBahia
650 _aEspirito Santo
773 0 _tFitopatologia Brasileira (Brazil)
_xISSN 0100-4158
_g(Oct 1981), v. 6(3) p. 313-321
_wBR8200400
909 _a202311
_bLúcia
_c55
_dLúcia Elande
942 _2AGRIS
_n0
_cANA
999 _c108498
_d108498